Operations research: a practical approach

Сохранить в:
Библиографические подробности
Главный автор: Sury Philipose
Формат:
Язык:Undetermined
Опубликовано: New Delhi McGraw-Hill 1986
Предметы:
Метки: Добавить метку
Нет меток, Требуется 1-ая метка записи!
Thư viện lưu trữ: Trung tâm Học liệu Trường Đại học Cần Thơ
LEADER 00464nam a2200169Ia 4500
001 CTU_5125
008 210402s9999 xx 000 0 und d
082 |a 519.7 
082 |b P549 
100 |a Sury Philipose 
245 0 |a Operations research: a practical approach 
245 0 |c Sury Philipose 
260 |a New Delhi 
260 |b McGraw-Hill 
260 |c 1986 
650 |a programming (mathematics ) 
980 |a Trung tâm Học liệu Trường Đại học Cần Thơ